Strength Properties of Locally Improved Soils Using Different Meshes (Record no. 66471)

MARC details
000 -LEADER
fixed length control field 01468nam a22001337a 4500
100 ## - MAIN ENTRY--AUTHOR NAME
Personal name Abdul Qadeer
-- 15MESTR01
-- Supervisor - Dr. Riaz Bhanbhro
245 ## - TITLE STATEMENT
Title Strength Properties of Locally Improved Soils Using Different Meshes
260 ## - PUBLICATION, DISTRIBUTION, ETC. (IMPRINT)
Place of publication Nawabshah:
Name of publisher QUEST,
Year of publication 2019.
300 ## - PHYSICAL DESCRIPTION
Number of Pages 23p.
500 ## - GENERAL NOTE
General note <br/><br/><br/><br/>ABSTRACT<br/><br/>This study focuses to using geo membrane to soil can strengthen the properties. The possible outcome of this research give benefit and fundamental necessary baseline data for using meshes in structures like embankments to prevent the embankment failures, i.e. breaches, failures due to overtopping, erosion/seepage and thus water losses due to seepage. The results benefits also enable to understand mechanical behaviors and strength parameters of different types of geo membrane like fabric and steel under various loading conditions. From results it was found increasing meshes layer can increase the shear strength in soil and can resist embankment failure. It is also found the that friction angle slightly increased with addition of layer; however, effect on cohesion was observed but is not proper and counted as negligible which needs more detailed investigation as cohesion is supposed to be increased. Strain hardening behavior was observed in all the tests and the cemented soils showed higher void ratio reduction and strains.<br/>
700 ## - ADDED ENTRY--PERSONAL NAME
Personal name Department of Civil Engineering
856 ## - ELECTRONIC LOCATION AND ACCESS
Uniform Resource Identifier http://tinyurl.com/mr9zjys5
942 ## - ADDED ENTRY ELEMENTS (KOHA)
Koha item type Thesis and Dissertation
Holdings
Withdrawn status Lost status Home library Current library Date acquired Full call number Accession Number Koha item type
    Central Library, QUEST, Nawabshah Research Section 16/03/2020 R/IMS-19 MP/57-721 Thesis and Dissertation